000
00283nam a2200133 a 4500
005
20140414132006.0
008
110223s19uu xx 00 eng d
050
_a
DVD
_b
C26
245
_a
Cast away.
650
_a
Survival
650
_a
Hope
650
_a
Courage
999
_c
113194
_d
113194